Perray-Vaucluse. The history of a repurposed hôpital (notice n° 1664609)

détails MARC
000 -LEADER
fixed length control field 01352cam a2200205 4500500
005 - DATE AND TIME OF LATEST TRANSACTION
control field 20260222001652.0
041 ## - LANGUAGE CODE
Language code of text/sound track or separate title fre
042 ## - AUTHENTICATION CODE
Authentication code dc
100 10 - MAIN ENTRY--PERSONAL NAME
Personal name Delanoé-Vieux, Carine
Relator term author
245 00 - TITLE STATEMENT
Title Perray-Vaucluse. The history of a repurposed hôpital
260 ## - PUBLICATION, DISTRIBUTION, ETC.
Date of publication, distribution, etc. 2021.<br/>
500 ## - GENERAL NOTE
General note 34
520 ## - SUMMARY, ETC.
Summary, etc. This article describes the approach that GHU Paris's psychiatry and neuroscience “Lab-ah” (laboratoire de l’accueil et de l’hospitalité—welcoming and hospitality lab) adopted to support the professionals who used to work at the long-established Perray-Vaucluse Hospital (Essonne) on a cultural and memorial level. When the hospital's activities were transferred to Paris, Perray-Vaucluse had to be gradually repurposed. Practitioners, researchers, designers, and artists are working together on the concept of a “heritage home,” aimed at examining former objects and subjects and better capturing the memory of the hospital's “everyday life.”
700 10 - ADDED ENTRY--PERSONAL NAME
Personal name Coirié, Marie
Relator term author
700 10 - ADDED ENTRY--PERSONAL NAME
Personal name Bouhallier, Gaspard
Relator term author
700 10 - ADDED ENTRY--PERSONAL NAME
Personal name Fontaine, Coline
Relator term author
700 10 - ADDED ENTRY--PERSONAL NAME
Personal name Salabay, Benjamin
Relator term author
786 0# - DATA SOURCE ENTRY
Note L'information psychiatrique | Volume 97 | 1 | 2021-02-02 | p. 63-69 | 0020-0204
856 41 - ELECTRONIC LOCATION AND ACCESS
Uniform Resource Identifier <a href="https://stm.cairn.info/journal-l-information-psychiatrique-2021-1-page-63?lang=en&redirect-ssocas=7080">https://stm.cairn.info/journal-l-information-psychiatrique-2021-1-page-63?lang=en&redirect-ssocas=7080</a>

Pas d'exemplaire disponible.

PLUDOC

PLUDOC est la plateforme unique et centralisée de gestion des bibliothèques physiques et numériques de Guinée administré par le CEDUST. Elle est la plus grande base de données de ressources documentaires pour les Étudiants, Enseignants chercheurs et Chercheurs de Guinée.

Adresse

627 919 101/664 919 101

25 boulevard du commerce
Kaloum, Conakry, Guinée

Réseaux sociaux

Powered by Netsen Group @ 2025